000 00332nam a2200133Ia 4500
008 240624s9999 xx 000 0 und d
041 _aeng
082 _a005.1 PET
100 _aPETERS JAMES F
245 _aSOFTWARE ENGINEERING AN ENGINEERING APPR
260 _c2004
_aSingapore
_bJohn Wiley
300 _axviii, : 702
365 _cRS
999 _c1377
_d1377